| Tag |
First Indicator |
Second Indicator |
Subfields |
| LEADER |
00000cam a2200000 i 4500 |
| 001 |
in00004347349 |
| 005 |
20211120110856.0 |
| 006 |
m o d f |
| 007 |
cr bn||||||||| |
| 008 |
101117s1985 miuab ob f000 0 eng c |
| 019 |
|
|
|a 624868467
|a 667913386
|a 974643765
|
| 035 |
|
|
|a (OCoLC)ocn682130675
|
| 042 |
|
|
|a pcc
|
| 043 |
|
|
|a n-us-mi
|
| 040 |
|
|
|a OCLCE
|b eng
|e rda
|e pn
|c OCLCE
|d OCLCQ
|d OCLCF
|d OCLCQ
|d OCLCO
|d OCLCQ
|d COP
|d GPO
|d MvI
|
| 049 |
|
|
|a WWW
|
| 074 |
|
|
|a 0624-B-05 (online)
|
| 086 |
0 |
|
|a I 19.42/4:85-4110
|
| 100 |
1 |
|
|a Twenter, F. R.,
|e author.
|
| 245 |
1 |
0 |
|a Quality of ground water in Monitor and Williams townships, Bay County, Michigan /
|c by F.R. Twenter and T.R. Cummings ; prepared in cooperation with Michigan Department of Natural Resources, Geological Survey Division, Monitor Township, Bay County, Williams Township, Bay County.
|
| 264 |
|
1 |
|a Lansing, Michigan :
|b U.S. Geological Survey,
|c 1985.
|
| 300 |
|
|
|a 1 online resource (vi, 41 pages) :
|b illustrations, maps.
|
| 336 |
|
|
|a text
|b txt
|2 rdacontent
|
| 337 |
|
|
|a computer
|b c
|2 rdamedia
|
| 338 |
|
|
|a online resource
|b cr
|2 rdacarrier
|
| 490 |
1 |
|
|a Water-resources investigations report ;
|v 85-4110
|
| 588 |
|
|
|a Description based on online resource; title from PDF title page (USGS, viewed Sept. 15, 2020).
|
| 504 |
|
|
|a Includes bibliographical references (page 32).
|
| 650 |
|
0 |
|a Water quality
|z Michigan
|z Bay County.
|
| 650 |
|
0 |
|a Groundwater
|z Michigan
|z Bay County.
|
| 650 |
|
0 |
|a Water table
|z Michigan
|z Bay County.
|
| 650 |
|
7 |
|a Groundwater.
|2 fast
|0 (OCoLC)fst00948209
|
| 650 |
|
7 |
|a Water quality.
|2 fast
|0 (OCoLC)fst01171832
|
| 650 |
|
7 |
|a Water table.
|2 fast
|0 (OCoLC)fst01172103
|
| 651 |
|
7 |
|a Michigan
|z Bay County.
|2 fast
|0 (OCoLC)fst01210252
|
| 700 |
1 |
|
|a Cummings, T. Ray,
|e author.
|
| 710 |
2 |
|
|a Geological Survey (U.S.),
|e issuing body.
|
| 710 |
1 |
|
|a Michigan.
|b Geological Survey Division.
|
| 776 |
0 |
8 |
|i Print version:
|a Twenter, F. R.
|t Quality of ground water in Monitor and Williams townships, Bay County, Michigan
|w (OCoLC)12484517
|
| 830 |
|
0 |
|a Water-resources investigations report ;
|v 85-4110.
|
| 856 |
4 |
0 |
|u https://purl.fdlp.gov/GPO/gpo145377
|t 0
|
| 999 |
f |
f |
|s ffc9a5e2-bf50-369f-b574-520bbcf99ba6
|i 1d842060-d277-30cd-a414-3dc13409cbc0
|t 0
|
| 952 |
f |
f |
|a Texas A&M University
|b College Station
|c Electronic Resources
|d Available Online
|t 0
|e I 19.42/4:85-4110
|h Superintendent of Documents classification
|
| 998 |
f |
f |
|a I 19.42/4:85-4110
|t 0
|l Available Online
|